| 000 | 00403cam a2200169ua 4500 | ||
|---|---|---|---|
| 020 | _cRs 2.00 | ||
| 041 |
_ahin _h |
||
| 082 |
_a891.43 _bBAC/SU |
||
| 100 | _aBacchan, . | ||
| 245 |
_aSumitranath Panth / _cBacchan. _hTextual Documents |
||
| 260 |
_aDelhi : _bRajapal Yada Sachayan , _c1938. |
||
| 300 | _a130 ; . | ||
| 365 | _aRs 2.00 | ||
| 504 | _a | ||
| 942 | _cBK | ||
| 999 |
_c2532 _d2532 |
||